[Event "ROM-chT (Women)"]
[Site "Calimanesti"]
[Date "2014.11.13"]
[Round "6.3"]
[White "Sonfalean, Maria Laura"]
[Black "Nastase, Andreea Cristina"]
[Result "0-1"]
[WhiteElo "1584"]
[BlackElo "1799"]
[PlyCount "76"]
[EventDate "2014.11.08"]
[EventType "team-tourn"]
[EventRounds "7"]
[EventCountry "ROU"]
[SourceTitle "EXT 2015"]
[Source "ChessBase"]
[SourceDate "2014.11.20"]
[SourceVersion "1"]
[SourceVersionDate "2014.11.20"]
[SourceQuality "1"]
[WhiteTeam "Arad University (W)"]
[BlackTeam "Bucharest CC Central (W)"]
[WhiteTeamCountry "ROU"]
[BlackTeamCountry "ROU"]

1. e4 c5 2. Nf3 d6 3. d4 cxd4 4. Nxd4 Nf6 5. Nc3 a6 6. Be2 e6 7. 0-0 Nc6 8. Be3 Bd7 9. f4 Nxd4 10. Bxd4 Bc6 11. Bf3 Be7 12. Kh1 0-0 13. Qe1 Nd7 14. Rd1 Qc7 15. Qg3 Bf6 16. Bxf6 Nxf6 17. f5 e5 18. Qf2 b5 19. a3 a5 20. Nd5 Bxd5 21. exd5 b4 22. g4 e4 23. g5 Nd7 24. Bxe4 f6 25. g6 bxa3 26. gxh7+ Kxh7 27. Qh4+ Kg8 28. bxa3 Rae8 29. Rfe1 Re5 30. Bd3 Rxe1+ 31. Rxe1 Qc5 32. Re7 Qxd5+ 33. Kg1 Ne5 34. Qg3 Nf7 35. Qg4 Qc5+ 36. Kf1 Qxa3 37. Bc4 d5 38. Bxd5 Qxe7 0-1

[Event "World Amateur-ch"]
[Site "Iasi"]
[Date "2013.04.27"]
[Round "6"]
[White "Sonfalean, Maria Laura"]
[Black "Banea, Traian"]
[Result "0-1"]
[WhiteElo "1593"]
[BlackElo "1820"]
[PlyCount "70"]
[EventDate "2013.04.22"]
[EventType "swiss"]
[EventRounds "9"]
[EventCountry "ROU"]
[SourceTitle "CBM 154 Extra"]
[Source "ChessBase"]
[SourceDate "2013.06.25"]
[SourceVersion "2"]
[SourceVersionDate "2013.06.25"]
[SourceQuality "1"]

1. e4 e6 2. d4 d5 3. exd5 exd5 4. Bd3 Nf6 5. Ne2 Bd6 6. 0-0 0-0 7. Bf4 h6 8. Bxd6 Qxd6 9. Nd2 Re8 10. Ng3 Nc6 11. c3 a6 12. Qc2 Bd7 13. f4 Ne7 14. f5 c5 15. Nf3 Rac8 16. dxc5 Qxc5+ 17. Kh1 Nc6 18. Qd2 d4 19. Rac1 dxc3 20. Rxc3 Qb6 21. Bc4 Rcd8 22. Rd3 Qc5 23. Rc1 Qb6 24. Nh5 Nxh5 25. Rxd7 Rxd7 26. Qxd7 Re7 27. Qd2 Nf6 28. Nh4 Ne4 29. Qc2 Nf2+ 30. Kg1 Nd3+ 31. Kf1 Nxc1 32. Qxc1 Ne5 33. Bb3 Qb5+ 34. Kg1 Nd3 35. Qd1 Re1+ 0-1

[Event "World Amateur-ch"]
[Site "Iasi"]
[Date "2013.04.23"]
[Round "2"]
[White "Sonfalean, Maria Laura"]
[Black "Vega, Jorge"]
[Result "0-1"]
[WhiteElo "1593"]
[BlackElo "1923"]
[PlyCount "86"]
[EventDate "2013.04.22"]
[EventType "swiss"]
[EventRounds "9"]
[EventCountry "ROU"]
[SourceTitle "CBM 154 Extra"]
[Source "ChessBase"]
[SourceDate "2013.06.25"]
[SourceVersion "2"]
[SourceVersionDate "2013.06.25"]
[SourceQuality "1"]

1. e4 e6 2. d4 d5 3. exd5 exd5 4. Bd3 Bd6 5. c3 Ne7 6. Ne2 Bf5 7. 0-0 0-0 8. Ng3 Bg6 9. Be3 f5 10. f4 Nd7 11. Nd2 Nf6 12. h3 Ne4 13. Qf3 c6 14. Rae1 Qb6 15. Nb3 a5 16. Bxe4 fxe4 17. Qg4 Bf5 18. Nxf5 Nxf5 19. Rf2 Rae8 20. Nd2 Qc7 21. Nf1 Nxe3 22. Nxe3 Rxf4 23. Rxf4 Bxf4 24. Nf5 Rf8 25. Rf1 Bh2+ 26. Kh1 Bd6 27. Kg1 Kh8 28. Nxd6 Qxd6 29. Qe2 Rf4 30. Qe3 g5 31. g3 Rxf1+ 32. Kxf1 Qf6+ 33. Kg2 h5 34. Qe2 Qf7 35. Qe3 Qg6 36. Qf2 Kg7 37. Kf1 Qe6 38. Qg2 Qf5+ 39. Ke2 g4 40. h4 Qf3+ 41. Qxf3 gxf3+ 42. Ke3 Kf6 43. Kf2 Kf5 0-1

[Event "World School-ch U17 Girls 8th"]
[Site "Iasi"]
[Date "2012.04.28"]
[Round "1"]
[White "Gelip, Ioana"]
[Black "Sonfalean, Maria Laura"]
[Result "1-0"]
[WhiteElo "2017"]
[BlackElo "1627"]
[PlyCount "109"]
[EventDate "2012.04.28"]
[EventType "swiss"]
[EventRounds "9"]
[EventCountry "ROU"]
[SourceTitle "EXT 2013"]
[Source "ChessBase"]
[SourceDate "2012.11.22"]
[SourceVersion "1"]
[SourceVersionDate "2012.11.22"]
[SourceQuality "1"]

1. e4 e5 2. Nf3 Nc6 3. Bb5 a6 4. Ba4 Nf6 5. d3 b5 6. Bb3 Be7 7. 0-0 d6 8. c3 Na5 9. Bc2 c5 10. Nbd2 0-0 11. Re1 Bg4 12. Nf1 h6 13. Ng3 Nh7 14. h3 Be6 15. d4 Qc7 16. d5 Bd7 17. Nh2 Bg5 18. Ng4 Bxc1 19. Rxc1 Nc4 20. b3 Nb6 21. Ne3 g6 22. Rf1 Qd8 23. f4 exf4 24. Rxf4 Qg5 25. Rf3 Qe5 26. h4 h5 27. Qf1 Bg4 28. Nxg4 hxg4 29. Rf4 Qxc3 30. Rxg4 Nf6 31. Rf4 Nbd7 32. Qf2 Qb2 33. Rf1 Qxa2 34. Rxf6 Nxf6 35. Qxf6 Qxc2 36. Nh5 gxh5 37. Qg5+ Kh8 38. Qxh5+ Kg7 39. Qg4+ Kh8 40. Rf5 Qc1+ 41. Kh2 Qh6 42. Rh5 Qxh5 43. Qxh5+ Kg7 44. Qg5+ Kh7 45. Qf6 Rad8 46. h5 Rg8 47. g4 Rde8 48. Qxf7+ Kh6 49. Qf6+ Kh7 50. g5 Rg7 51. h6 Rgg8 52. Qf7+ Kh8 53. g6 Rxg6 54. Qxg6 Rg8 55. Qxd6 1-0

[Event "ROM-ch (Women)"]
[Site "Sarata Monteoru"]
[Date "2012.02.20"]
[Round "8"]
[White "Didiliuc, Dariana Gabriela"]
[Black "Sonfalean, Maria Laura"]
[Result "0-1"]
[WhiteElo "1508"]
[BlackElo "1628"]
[PlyCount "44"]
[EventDate "2012.02.13"]
[EventType "swiss"]
[EventRounds "9"]
[EventCountry "ROU"]
[SourceTitle "CBM 147 Extra"]
[Source "ChessBase"]
[SourceDate "2012.04.24"]
[SourceVersion "1"]
[SourceVersionDate "2012.04.24"]
[SourceQuality "1"]

1. Nf3 Nf6 2. b3 d5 3. e3 e6 4. Bb2 Be7 5. Be2 Nbd7 6. 0-0 c5 7. c4 b6 8. Nc3 Bb7 9. cxd5 exd5 10. d4 0-0 11. dxc5 Nxc5 12. b4 Nce4 13. Qb3 Rc8 14. Rfd1 Qc7 15. Rac1 Qb8 16. Nd4 Bd6 17. h3 Be5 18. Nf5 Rfe8 19. Nb5 Rxc1 20. Rxc1 Bh2+ 21. Kf1 Nd2+ 22. Ke1 Nxb3 0-1

[Event "Cetinje Batricevic Memorial op"]
[Site "Cetinje"]
[Date "2009.08.16"]
[Round "8"]
[White "Sonfalean, Maria Laura"]
[Black "Stamatovic, Vladimir"]
[Result "0-1"]
[WhiteElo "1736"]
[BlackElo "1908"]
[PlyCount "62"]
[EventDate "2009.08.09"]
[EventType "swiss"]
[EventRounds "9"]
[EventCountry "MNE"]
[SourceTitle "CBM 131 Extra"]
[Source "ChessBase"]
[SourceDate "2009.09.03"]
[SourceVersion "2"]
[SourceVersionDate "2009.09.16"]
[SourceQuality "1"]

1. e4 e5 2. Nf3 Nc6 3. Bc4 d6 4. d3 Na5 5. Bb5+ c6 6. Ba4 b5 7. Bb3 Nxb3 8. axb3 f5 9. exf5 Bxf5 10. 0-0 Nf6 11. Re1 Be7 12. c3 0-0 13. d4 e4 14. Nh4 Bg4 15. f3 exf3 16. Nxf3 d5 17. Nbd2 Bd6 18. h3 Bh5 19. Qc2 Bg6 20. Qd1 Qc7 21. Ne5 Be4 22. Ndf3 Nd7 23. Ra6 Bxe5 24. Nxe5 Nxe5 25. dxe5 Qxe5 26. Rxc6 Rf7 27. Rf1 Qg3 28. Qd2 Rxf1+ 29. Kxf1 Bxg2+ 30. Kg1 Be4+ 31. Kf1 Rf8+ 0-1

[Event "Cetinje Batricevic Memorial op"]
[Site "Cetinje"]
[Date "2009.08.14"]
[Round "6"]
[White "Draskovic, Luka"]
[Black "Sonfalean, Maria Laura"]
[Result "1-0"]
[WhiteElo "2079"]
[BlackElo "1736"]
[PlyCount "83"]
[EventDate "2009.08.09"]
[EventType "swiss"]
[EventRounds "9"]
[EventCountry "MNE"]
[SourceTitle "CBM 131 Extra"]
[Source "ChessBase"]
[SourceDate "2009.09.03"]
[SourceVersion "2"]
[SourceVersionDate "2009.09.16"]
[SourceQuality "1"]

1. e4 e5 2. Nf3 Nc6 3. d4 exd4 4. Nxd4 d6 5. Nc3 Nf6 6. Be2 Be7 7. Be3 0-0 8. Qd2 a6 9. Nxc6 bxc6 10. 0-0 d5 11. Bf3 Be6 12. Rfd1 Rb8 13. b3 Bb4 14. a3 Bxc3 15. Qxc3 Qe8 16. Bd4 Qe7 17. Bxf6 Qxf6 18. Qxf6 gxf6 19. exd5 cxd5 20. Bxd5 Rbd8 21. Be4 Rfe8 22. f3 f5 23. Bc6 Rf8 24. Kf2 f4 25. Ke2 Kg7 26. Rxd8 Rxd8 27. Rd1 Rg8 28. Rd4 Kh6 29. Kf2 Kg5 30. Be4 h5 31. Bd3 Ra8 32. Ra4 Bc8 33. Ra5+ Kh6 34. h4 f6 35. Ra4 Kg7 36. Rxf4 Rb8 37. Rc4 Rb7 38. Rc5 Kh6 39. Bxa6 Rb8 40. Rc6 Kg6 41. Bd3+ Kh6 42. Rxc7 1-0

[Event "Cetinje Batricevic Memorial op"]
[Site "Cetinje"]
[Date "2009.08.09"]
[Round "1"]
[White "Sonfalean, Maria Laura"]
[Black "Vulevic, Vjekoslav"]
[Result "0-1"]
[WhiteElo "1736"]
[BlackElo "2315"]
[PlyCount "44"]
[EventDate "2009.08.09"]
[EventType "swiss"]
[EventRounds "9"]
[EventCountry "MNE"]
[SourceTitle "CBM 131 Extra"]
[Source "ChessBase"]
[SourceDate "2009.09.03"]
[SourceVersion "2"]
[SourceVersionDate "2009.09.16"]
[SourceQuality "1"]

1. e4 b6 2. d4 Bb7 3. Nc3 e6 4. Nf3 Bb4 5. Bd3 c5 6. 0-0 cxd4 7. Nxd4 Nc6 8. Be2 Nf6 9. Bf3 Ne5 10. Re1 0-0 11. Bg5 a6 12. a3 Be7 13. Bf4 d6 14. Qe2 Qc7 15. Rad1 Rac8 16. Qe3 Nc4 17. Qc1 e5 18. Bxe5 dxe5 19. Nf5 h6 20. Rd3 Rfe8 21. Red1 Bf8 22. b3 Nxa3 0-1